00301nam a2200133Ia 4500003000900000008004100009040001300050040001300063100001800076245003400094260002500128300000800153490000600161IT-RoPAU120407s9999 xx 000 0 und d aIT-RoPAU cIT-RoPAU aBlaise Pascal aOeuvres complètes (vol. II) aDesclée de Brouwer c cm v1